Canadian Journal of Criminology and Criminal Justice

Detalles Bibliográficos
Formato: eBook
Lenguaje:inglés
Publicado: Toronto: University of Toronto Press, 2003 -
Materias:
Acceso en línea:Acceso restringido

MARC

LEADER 00000nam a22000007a 4500
005 20210520222042.0
007 cr|||| ||||
008 210520c20039999ca qr|w s|||| 0|||b1eng d
022 |a 1707-7753 
035 |a 3073 
040 |a vLex 
090 |c 11751  |d 11751 
245 0 0 |a Canadian Journal of Criminology and Criminal Justice  |h [Recurso electrn̤ico] / 
256 |a Servicio en ln̕ea 
260 |a Toronto:  |b University of Toronto Press,  |c 2003 - 
300 |a 1 recurso electrn̤ico 
310 |a Trimestral 
506 1 |a Disponible solo en los productos indicados  |d vLex Global  |d vLex Global (Academic Edition, excluding Law Schools)  |d vLex Global (U.S. Academic Edition, Law Schools)  |d vLex Global (U.S. Academic Edition, excluding Law Schools)  |d vLex Global (Academic Edition, Law Schools) 
650 0 4 |a Derecho Penal  |z Canad̀ 
740 0 |a vLex Revistas (Servicio en ln̕ea) 
856 4 0 |u https://vlex.com/source/canadian-journal-criminology-criminal-justice-3073  |z Acceso restringido 
942 |c REV 
999 0 |a Criminal law